| 000 | 00950cam a22002533a 4500 | ||
|---|---|---|---|
| 001 | 9647 | ||
| 003 | PGUSA | ||
| 005 | 20140828083214.0 | ||
| 008 | 060101s2006||||xxu|||||s|||||000 | eng d | ||
| 040 |
_aPGUSA _beng |
||
| 042 | _adc | ||
| 050 | 4 | _aTC | |
| 100 | 1 |
_aMullgardt, Louis Christian, _d1866-1942 |
|
| 245 | 1 | 4 |
_aThe Architecture and Landscape Gardening of the Exposition : _bA Pictorial Survey of the Most Beautiful Achitectural Compositions of the Panama-Pacific International Exposition _h[electronic resource] / _cLouis Christian Mullgardt |
| 260 |
_bProject Gutenberg, _c2006 |
||
| 506 | _aPublic domain in the USA. | ||
| 516 | _aElectronic text | ||
| 653 | _aPanama-Pacific International Exposition (1915 : San Francisco, Calif.) | ||
| 653 | _aLandscape architecture -- Exhibitions | ||
| 653 | _aArchitecture -- Exhibitions | ||
| 830 | 0 |
_aProject Gutenberg _v9647 |
|
| 856 | 4 | 0 | _uhttp://www.gutenberg.org/ebooks/9647 |
| 942 | _cEB | ||
| 999 |
_c238903 _d238903 |
||